| 000 -CABECERA |
| fixed length control field |
01948nam a22002897a 4500 |
| 003 - IDENTIFICADOR DEL NÚMERO DE CONTROL |
| control field |
AR-CdUCM |
| 008 - DATOS DE LONGITUD FIJA--INFORMACIÓN GENERAL |
| fixed length control field |
190425b ||||| |||| 00| 0 spa d |
| 040 ## - FUENTE DE LA CATALOGACIÓN |
| Agencia/entidad que catalogó originalmente la obra |
MUNICIPALIDAD PROVINCIAL DEL CUSCO |
| Entidad que transcribió la catalogación |
BIBLIOTECA MUNICIPAL DEL CUSCO |
| 082 ## - NÚMERO DE LA CLASIFICACIÓN DECIMAL DEWEY |
| No. de Clasificación |
Rev.IAAC/N°1/1942 |
| 110 ## - ENTRADA PRINCIPAL--NOMBRE DE ENTIDAD CORPORATIVA |
| Nombre de la institución, jurisdicción como entrada principal |
Instituto Americano de Arte del Cuzco |
| 9 (RLIN) |
43770 |
| 245 ## - MENCIÓN DE TÍTULO |
| Título |
Revista del Instituto Americano de Arte : |
| Resto del título |
Publicación semestral / |
| 260 ## - PUBLICACIÓN, DISTRIBUCIÓN, ETC. |
| Lugar de publicación, distribución, etc. |
Cusco : |
| Nombre de la editorial, distribuidor, etc. |
Talleres gráficos La Económica, |
| Fecha de publicación, distribución, etc. |
1942. |
| 300 ## - DESCRIPCIÓN FÍSICA |
| Nº de Páginas Extensión |
104 páginas. : |
| Otros detalles físicos |
ilustraciones ; |
| Dimensiones |
24 cm. |
| 440 ## - MENCIÓN DE SERIE/PUNTO DE ACCESO ADICIONAL--TÍTULO |
| Título |
Revista del Instituto Americano de Arte Cuzco. |
| Número de la parte/sección de una obra |
Año I, 2° semestre de 1942, N°1. Vol.I |
| 9 (RLIN) |
46728 |
| 505 ## - NOTA DE CONTENIDO CON FORMATO |
| Nota de contenido formateada |
Contenido: Cinco ciudades del Perú y una raza, evocaciones líricas. Rafael Aguilar. -- Una gloriosa figura en la literatura peruana. Luis Felipe Paredes. -- Túpacc Amaru, Hombre Solar. Luis Velazco Aragón. -- Cartas a la Montaña una excursión al Cachití. Roberto Latorre. -- Romance de la Barbaracha. Luis Nieto. -- La leyenda de Ch´aska. Sergio Caller. -- Un drama Quechua Usca Paucar. José Gabriel Cosió. -- Figuras sobresalientes Ángel Vega Enríquez. Víctor M. Guillen. -- Del Folklore Nacional Pukllay Taki. Víctor Navarro del Águila. -- Arte Neo indiano en el templo de Pujyura. Julio G. Gutiérrez. -- El Perú histórico y arqueológico conferencia. Georges Dennler de la Tour. -- Tierra de indias bocetos para una biografía de Garcilaso Inca de la Vega. Román Saavedra S. -- Hombres del Cuzco colonial Juan Espinoza Medrano El Lunarejo. Alfredo Yépez Miranda. |
| 650 ## - PUNTO DE ACCESO ADICIONAL DE MATERIA--TÉRMINO DE MATERIA |
| Descriptor |
Arte popular |
| 9 (RLIN) |
9558 |
| 650 ## - PUNTO DE ACCESO ADICIONAL DE MATERIA--TÉRMINO DE MATERIA |
| Descriptor |
Folcklore |
| 9 (RLIN) |
46108 |
| 650 ## - PUNTO DE ACCESO ADICIONAL DE MATERIA--TÉRMINO DE MATERIA |
| Descriptor |
Literatura cusqueña |
| 9 (RLIN) |
46110 |
| 650 ## - PUNTO DE ACCESO ADICIONAL DE MATERIA--TÉRMINO DE MATERIA |
| Descriptor |
Poetas cusqueños |
| 9 (RLIN) |
5956 |
| 650 ## - PUNTO DE ACCESO ADICIONAL DE MATERIA--TÉRMINO DE MATERIA |
| Descriptor |
Arte cusqueño |
| 9 (RLIN) |
13165 |
| 650 ## - PUNTO DE ACCESO ADICIONAL DE MATERIA--TÉRMINO DE MATERIA |
| Descriptor |
Juan Espinoza Medrano |
| 9 (RLIN) |
46056 |
| 700 ## - PUNTO DE ACCESO ADICIONAL--NOMBRE DE PERSONA |
| Nombre Personal |
Navarro del Águila, Víctor |
| 9 (RLIN) |
32360 |
| 700 ## - PUNTO DE ACCESO ADICIONAL--NOMBRE DE PERSONA |
| Nombre Personal |
Cosio, José Gabriel |
| 9 (RLIN) |
11720 |
| 700 ## - PUNTO DE ACCESO ADICIONAL--NOMBRE DE PERSONA |
| Nombre Personal |
Nieto Miranda, Luis |
| 9 (RLIN) |
31822 |
| 942 ## - ELEMENTOS DE PUNTO DE ACCESO ADICIONAL (KOHA) |
| Fuente de clasificación |
|
| Tipo de item |
Revistas cusqueñas |
| 945 ## - PROCESAMIENTO DE INFORMACIÓN LOCAL (OCLC) |
| Catalogador |
rac |